000 00656nam a2200241 i 4500
001 C2-0308900
003 PPAK
005 20180728095822.0
008 110518s1993 my |||| ||||| | may d
020 _a9836215786
040 _aPPAK
_beng
_cPPAK
_erda
082 0 4 _a410.9
_223
090 0 0 _a410.9
_bROB
_dKMI
100 1 _aRobins, R.H.,
_eauthor
245 1 0 _aSejarah ringkas linguistik
264 1 _aKuala Lumpur :
_bDewan Bahasa dan Pustaka ,
_c1993
300 _axii, 299 pages ;
_c21 cm
336 _2rdacontent
_atext
337 _2rdamedia
_aunmediated
338 _2rdacarrier
_avolume
650 1 0 _aLinguistics - History
942 _ddc
_cB
999 _c111467
_d111467